• 首页
  • 本馆介绍
  • 公告通知
  • 最新文献
  • 馆藏检索
  • 电子资源
  • 读者导购
  • 参考咨询
  • 我的图书馆
  • 登录
  • 详细信息显示
  • 放入我的书架
  • 预约/预借图书
  • 作者相关作品
  • 分类相关作品
  • 丛书相关作品
  • 出版社相关作品

书目信息

  • 表格格式
  • 工作单格式
  • 卡片格式
题名:
含能黏合剂化学与工艺学
    
 
作者: 罗运军 , 葛震 著
分册:  
出版信息: 北京   国防工业出版社  2020.4
页数: 10,293页
开本: 24cm
丛书名: 火炸药理论与技术丛书
单 册:
中图分类: TQ430.7
科图分类:
主题词: 胶粘剂--工艺学--研究
电子资源:
ISBN: 978-7-118-11840-7
000 01104nam0 2200277 45
001 012001001290
005 20140913134924.0
010    @a978-7-118-11840-7@b精装@dCNY98.00
100    @a20200903d2020 em y0chiy50 ea
101 0  @achi
102    @aCN@b110000
105    @aa z 000yy
106    @ar
200 1  @a含能黏合剂化学与工艺学@Ahan neng nian he ji hua xue yu gong yi xue@b专著@f罗运军,葛震著
210    @a北京@c国防工业出版社@d2020.4
215    @a10,293页@c图@d24cm
225 1  @a火炸药理论与技术丛书
300    @a国家出版基金项目 “十三五”国家重点出版物出版规划项目
330    @a本书介绍了含能黏合剂的性能、制备化学原理和工艺方法。阐述了含能黏合剂单体、热塑性含能黏合剂、含能预聚物、热固性含能黏合剂以及硝化纤维素的合成与制备工艺技术,同时注重了具有潜在应用价值新型含能黏合剂的介绍,使读者能够了解含能黏合剂国内外最新发展动态。
461  0 @12001 @a火炸药理论与技术丛书
606 0  @a胶粘剂@x工艺学@x研究
690    @aTQ430.7@v5
701  0 @a罗运军@Aluo yun jun@f(1964-)@4著
701  0 @a葛震@Age zhen@4著
801  0 @aCN@bBJSDL@c20211011
905    @b1333794-6@dTQ430.7@e18@f3
    
    含能黏合剂化学与工艺学/罗运军,葛震著.-北京:国防工业出版社,2020.4
    10,293页:图;24cm.-(火炸药理论与技术丛书)
    国家出版基金项目 “十三五”国家重点出版物出版规划项目
    
    ISBN 978-7-118-11840-7(精装):CNY98.00
    本书介绍了含能黏合剂的性能、制备化学原理和工艺方法。阐述了含能黏合剂单体、热塑性含能黏合剂、含能预聚物、热固性含能黏合剂以及硝化纤维素的合成与制备工艺技术,同时注重了具有潜在应用价值新型含能黏合剂的介绍,使读者能够了解含能黏合剂国内外最新发展动态。
●
相关链接 在E读中查询图书 在五车中查询图书 在当当中查询图书 在豆瓣中查询图书


正题名:含能黏合剂化学与工艺学     索取号:TQ430.7/18         预约/预借

序号 登录号 条形码 馆藏地/架位号 状态 备注
1 1333794   213337940   第二样本阅览室/ [索取号:TQ430.7/18] 在馆    
2 1333795   213337959   第三借阅区/ [索取号:TQ430.7/18] 在馆    
3 1333796   213337968   第三借阅区/ [索取号:TQ430.7/18] 在馆    
唐山师范学院图书馆 欢迎您!
大连网信软件有限公司© 版权所有